चोर भये कोतवाल / (Record no. 112469)

MARC details
000 -LEADER
fixed length control field 01074nam a22002537a 4500
005 - DATE AND TIME OF LATEST TRANSACTION
control field 20170124102939.0
010 ## - LIBRARY OF CONGRESS CONTROL NUMBER
LC control number A-984307
020 ## - INTERNATIONAL STANDARD BOOK NUMBER
Terms of availability 100.00
035 ## - SYSTEM CONTROL NUMBER
System control number A-984307
037 ## - SOURCE OF ACQUISITION
Source of stock number/acquisition Cen Lib/Ret
040 ## - CATALOGING SOURCE
Original cataloging agency DPL
Language of cataloging HN
082 ## - DEWEY DECIMAL CLASSIFICATION NUMBER
Classification number 827
Item number वत्सश्री
100 ## - MAIN ENTRY--PERSONAL NAME
Personal name वत्स, श्रीनिवास
9 (RLIN) 42810
245 ## - TITLE STATEMENT
Title चोर भये कोतवाल /
Statement of responsibility, etc श्रीनिवास वत्स
246 ## - VARYING FORM OF TITLE
Title proper/short title Chor bhaye kotwal /
Remainder of title by Shrinivas Vats
260 ## - PUBLICATION, DISTRIBUTION, ETC. (IMPRINT)
Place of publication, distribution, etc दिल्ली
Name of publisher, distributor, etc नेशनल पब्लिशिंग हाउस
Date of publication, distribution, etc 1999
270 ## - ADDRESS
City दिल्ली
Address 2/35, अंसारी रोड, दरियागंज
Postal code 110002
300 ## - PHYSICAL DESCRIPTION
Extent 125पृ.
Dimensions 20सेमी(सजिल्द)
650 ## - SUBJECT ADDED ENTRY--TOPICAL TERM
Topical term or geographic name as entry element हिन्दी साहित्य
9 (RLIN) 47727
650 ## - SUBJECT ADDED ENTRY--TOPICAL TERM
Topical term or geographic name as entry element हिन्दी साहित्य -- कहानियाँ
9 (RLIN) 47728
650 ## - SUBJECT ADDED ENTRY--TOPICAL TERM
Topical term or geographic name as entry element Hindi literature
9 (RLIN) 47729
650 ## - SUBJECT ADDED ENTRY--TOPICAL TERM
Topical term or geographic name as entry element Hindi literature -- stories
9 (RLIN) 47730
942 ## - ADDED ENTRY ELEMENTS (KOHA)
Source of classification or shelving scheme Dewey Decimal Classification
Koha item type Hindi Books
Classification part 827
Call number suffix वत्सश्री
Holdings
Withdrawn status Lost status Damaged status Not for loan Home library Current library Date acquired Source of acquisition Cost, normal purchase price Total Checkouts Full call number Barcode Date last seen Copy number Cost, replacement price Price effective from Koha item type
        Central Library Central Library 08/08/2015 Cen Lib/Ret 100.00   827 वत्सश्री A-984307 08/08/2015 1 100.00 08/08/2015 Hindi Books

© Delhi Public Library
Hit Counter
free hit counter